Statistics for 100 Most Famous Figures In HIstory

Click here to take the quiz!

General Stats

  • This quiz has been taken 244 times
  • The average score is 32 of 100

Answer Stats

RankFamous Figure% Correct
7Adolf Hitler
89%
1Jesus
88%
89Ali (Founder of Sufism)
84%
3Muhammad
78%
5Abraham Lincoln
76%
6George Washington
76%
37Winston Churchill
72%
2Napoleon
64%
43Franklin D. Roosevelt
63%
71John F. Kennedy
62%
23Theodore Roosevelt
62%
75Vladimir Lenin
62%
13Elizabeth I
61%
4William Shakespeare
60%
52Gautama Buddha
59%
20Christopher Columbus
57%
10Thomas Jefferson
57%
19Albert Einstein
55%
38Genghis Khan
52%
21Isaac Newton
52%
18Joseph Stalin
52%
9Alexander the Great
51%
29Leonardo da Vinci
47%
25Plato
47%
16Queen Victoria
46%
61John Adams
44%
40Thomas Edison
44%
8Aristotle
43%
17Martin Luther
43%
36George W. Bush
42%
32Ronald Reagan
42%
68Socrates
42%
35Benjamin Franklin
40%
27Ludwig van Beethoven
40%
26Louis XIV
39%
82Richard Nixon
39%
22Charlemagne
38%
14 | 15Karl Marx
38%
24Wolfgang Amadeus Mozart
38%
86Michelangelo
37%
66Andrew Jackson
34%
12Charles Darwin
33%
94Harry S. Truman
33%
70William the Conqueror
33%
30Augustus
31%
69Elvis Presley
31%
49Galileo Galilei
31%
47Woodrow Wilson
31%
60James Cook
30%
48Johann Sebastian Bach
30%
33Charles Dickens
29%
93Nikola Tesla
29%
28Ulysses S. Grant
29%
74Nicolaus Copernicus
28%
73Vincent Van Gogh
27%
51James Madison
26%
95Joan of Arc
26%
56Adam Smith
24%
97Otto von Bismarck
22%
45Alexander Hamilton
21%
42Friedrich Nietzsche
21%
59Immanuel Kant
21%
76Robert E. Lee
21%
96Dante Alighieri
20%
57David, King of Israel
20%
64Voltaire
19%
44Sigmund Freud
18%
100John Locke
17%
91Pope John Paul II
17%
92René Descartes
17%
67Constantine the Great
16%
50Oliver Cromwell
16%
53Mark Twain
15%
62Richard Wagner
14%
81Francis Bacon (Yes, The Creator of Bacon and The Buffet, sarcasm lol)
13%
88Johann Wolfgang von Goethe
13%
54Edgar Allan Poe
11%
99John Calvin
10%
63Pyotr Ilyich Tchaikovsky
10%
65Saint Peter
10%
72Augustine of Hippo
8%
79Cicero
8%
58George III of England
8%
98Grover Cleveland
8%
41James I
8%
90Thomas Aquinas
8%
39Charles I
7%
34Paul the Apostle
7%
11Henry VIII of England
6%
83Louis XVI of France
6%
77Oscar Wilde
5%
78Charles II of England
4%
84Charles V (Holy Roman Emperor)
4%
80Jean-Jacques Rousseau
4%
85King Arthur
3%
31Carl Linnaeus
2%
55Joseph Smith Jr.
2%
46Mohandas Karamchand Gandhi
2%
87Philip II of Spain
2%

Score Distribution

Percentile by Number Answered

Percent of People with Each Score

Your Score History

You have not taken this quiz